| 000 | 01452nam a2200373 i 4500 | ||
|---|---|---|---|
| 001 | EBC5637261 | ||
| 003 | MiAaPQ | ||
| 005 | 20220511134617.0 | ||
| 007 | cr cnu|||||||| | ||
| 008 | 190212s2018 enk o 000 0 eng d | ||
| 020 | _z9780190876081 | ||
| 020 | _a9780190057930 (e-book) | ||
| 040 |
_aMiAaPQ _beng _cMiAaPQ |
||
| 245 | 0 | 0 |
_aRevisiting the Arab uprisings : _bthe politics of a revolutionary moment / _cedited by Stéphane Lacroix and Jean-Pierre Filiu. |
| 264 | 1 |
_aOxford : _bOxford University Press, _c[2018] |
|
| 264 | 4 | _c©2018 | |
| 300 | _a1 online resource (342 pages) | ||
| 336 |
_aText _btxt _2rdacontent |
||
| 337 |
_aComputermedien _bc _2rdamedia |
||
| 338 |
_aOnline Resource _bcr _2rdacarrier |
||
| 500 | _aE-Book-ProQuest / Fernzugriff nach Registrierung möglich | ||
| 650 | 4 |
_aArabischer Frühling _93592 |
|
| 651 | 4 |
_aTunesien _96437 |
|
| 653 | _aRevolutions | ||
| 655 | 4 | _aElectronic books. | |
| 655 |
_aFernzugriff _9230 |
||
| 700 | 1 |
_aLacroix, Stéphane, _d1978- _eeditor. _95997 |
|
| 700 | 1 |
_aFiliu, Jean-Pierre, _eeditor. _95998 |
|
| 776 | 0 | 8 |
_iPrint version: _tRevisiting the Arab uprisings : the politics of a revolutionary moment. _dOxford : Oxford University Press, c2018 _h342 pages _z9780190876081 |
| 856 | 4 | 0 |
_uhttps://ebookcentral.proquest.com/lib/maxweberstiftung-ebooks/detail.action?docID=5637261 _zVolltext |
| 942 |
_cEB _2z |
||
| 999 |
_c59829 _d59829 |
||